00499nam a22001697a 450000500170000001000130001702000260003003500130005603700200006908200080008910000210009724500830011826000260020127000680022730000210029550500130031620190420153939.0 aB-728118 c600.00a9788193704097 aB-728118 bPANSY BOOKS(RP) a480 aAjay Kumar Singh aS.S.C.english :bprivious papers(2013-2017) PT and mains/cby Ajay Kumar Singh aPatnabMB Booksc2018 a3rd floor,Ramdiri house Dadiji Lane Boring Road,bPatnae800001 a731p.b26cm(pbk) a155 sets